Kel Mitchell Filmography - Statistics

General Stats
  • This quiz has been taken 4 times
  • The average score is 8 of 82
Answer Stats
Group Year Answer % Correct
TV Series 1994-1999 All That
100%
TV Series 2019-2020 All That
100%
Movie 1997 Good Burger
100%
TV Series 1996-2000 Kenan and Kel
67%
TV Series 2020-Present Deliciousness
33%
TV Series 2015-2019 Game Shakers
33%
TV Series 2011 Good Luck Charlie
33%
TV Series 2017 Henry Danger
33%
Podcast 2021 Laugh Daily Podcast
33%
TV Series 2014 Liv and Maddie
33%
Movie 1999 Mystery Men
33%
TV Series 2016 Robot Chicken
33%
TV Series 2019 SpongeBob SquarePants
33%
Movie 2000 The Adventures of Rocky and Bullwinkle
33%
TV Series 1999 The Amanda Show
33%
TV Series 2012 The Game
33%
TV Series 2020 The Substitute
33%
TV Series 2014 The Thundermans
33%
TV Film 2000 Alley Cats Strike
0%
Music Video 2004 All Falls Down
0%
Music Video 1999 All Star
0%
TV Film 2010 Battle of Los Angeles
0%
Short 2010 B-Rock
0%
Movie 2013 Caught on Tape
0%
TV Series 2000-2001 City Guys
0%
TV Series 2004 Clifford's Puppy Days
0%
Movie 2004 Clifford's Really Big Movie
0%
TV Series 2000-2003 Clifford the Big Red Dog
0%
TV Series 2005 Complete Savages
0%
Movie 2014 Computer Love
0%
TV Series 1999 Cousin Skeeter
0%
TV Series 2015-2016 Da Jammies
0%
Movie 2011 Dance Fu
0%
TV Series 2019 Dancing with the Stars
0%
Music Video 2015 Detention
0%
TV Film 2008 Don't Touch If You Ain't Prayed 2
0%
TV Film 2018 First Impression
0%
TV Film 2010 Freaknik: The Musical
0%
Short 2020 Freeze
0%
TV Series 2014 Friends of the People
0%
TV Film 2005 Ganked
0%
TV Series 2004 Half and Half
0%
Movie 2007 Honeydripper
0%
TV Film 2000 Kenan and Kel: Two Heads Are Better Than None
0%
TV Series 2018 Laugh at LA
0%
TV Film 2006 Like Mike 2: Streetball
0%
Music Video 2012 Living Water
0%
TV Series 2014 Married, For Real?
0%
TV Series 2012-2013 Motorcity
0%
TV Series 2000 Nash Bridges
0%
Short 2009 N.C.B.S.
0%
TV Series 2009 Nite Tales: The Series
0%
TV Series 2005-2006 One on One
0%
TV Film 2010 Pastor Jones: The Complete First Season
0%
Movie 1997 Peoria Babylon
0%
TV Series 2010 Pink Panther and Pals
0%
TV Film 2007 Polly and Marie
0%
Short 2015 Ridin' With Burgess
0%
TV Film 2000 Romeo and Juliet
0%
TV Series 1998 Sabrina the Teenage Witch
0%
TV Series 2013 Sam and Cat
0%
Movie 2009 See Dick Run
0%
Movie 2012 She is Not My Sister
0%
TV Series 1997 Sister, Sister
0%
TV Series 2019 South Side
0%
TV Film 2013 Stupid Hype
0%
Short 2009 The Cloggers
0%
TV Series 2012 The First Family
0%
TV Series 2002 The Nick Cannon Show
0%
TV Series 2003 The Parkers
0%
TV Series 2001 The Proud Family
0%
TV Film 2005 The Show With A.J. Calloway
0%
TV Series 1996-1998 The Steve Harvey Show
0%
TV Series 2015 The Tonight Show Starring Jimmy Fallon
0%
Short 2017 Thirst
0%
Web Series 2015 VeggieTales in the House
0%
TV Series 2019 Whats Popping Up? With Alana Jordan
0%
Movie 2006 Where is Love Waiting
0%
Movie 2014 Who Can I Run To
0%
TV Series 2012-2015 Wild Grinders
0%
Movie 2007 X's and O's
0%
Music Video 2017 Young Dumb and Broke
0%
No matching quizzes found
Score Distribution
Percent of People with Each Score
Percentile by Number Answered
Your Score History
You have not taken this quiz